Detalles MARC
| 000 -CABECERA |
| campo de control de longitud fija |
01887nam a2200373 a 4500 |
| 001 - NÚMERO DE CONTROL |
| campo de control |
000017142 |
| 003 - IDENTIFICADOR DEL NÚMERO DE CONTROL |
| campo de control |
DO-SdBNP |
| 005 - FECHA Y HORA DE LA ÚLTIMA TRANSACCIÓN |
| campo de control |
20251104125016.0 |
| 008 - DATOS DE LONGITUD FIJA--INFORMACIÓN GENERAL |
| campo de control de longitud fija |
100318s2006 dr ac fr 001 0 spa d |
| 020 ## - NÚMERO INTERNACIONAL ESTÁNDAR DEL LIBRO |
| Número Internacional Estándar del Libro |
9993442542 |
| 040 ## - FUENTE DE LA CATALOGACIÓN |
| Centro catalogador/agencia de origen |
DO-SdBNP |
| Lengua de catalogación |
spa |
| Centro/agencia transcriptor |
BNPHU |
| 082 ## - NÚMERO DE LA CLASIFICACIÓN DECIMAL DEWEY |
| Número de clasificación |
633.61097293 |
| Número de documento/Ítem |
M385s |
| 100 1# - ENTRADA PRINCIPAL--NOMBRE DE PERSONA |
| Nombre de persona |
Martínez, Héctor Luis, |
| Fechas asociadas al nombre |
1958- |
| 9 (RLIN) |
37746 |
| 245 10 - MENCIÓN DE TÍTULO |
| Título |
San Pedro de Macorís en el renacimiento de la industria azucarera dominicana, 1870-1930 / |
| Mención de responsabilidad, etc. |
Héctor Luis Martínez ; presentación Alejandro Arvelo. |
| 260 ## - PUBLICACIÓN, DISTRIBUCIÓN, ETC. |
| Lugar de publicación, distribución, etc. |
Santo Domingo : |
| Nombre del editor, distribuidor, etc. |
Dirección Gereral de la Feria del Libro, |
| Fecha de publicación, distribución, etc. |
2006. |
| 300 ## - DESCRIPCIÓN FÍSICA |
| Extensión |
171 p. : |
| Otras características físicas |
il., retrs. ; |
| Dimensiones |
22 cm. |
| 490 1# - MENCIÓN DE SERIE |
| Mención de serie |
Ediciones Ferilibro |
| Designación de volumen o secuencia |
93 |
| 500 ## - NOTA GENERAL |
| Nota general |
Incluye datos biográficos del autor en la solapa de la cubierta |
| 504 ## - NOTA DE BIBLIOGRAFÍA, ETC. |
| Nota de bibliografía, etc. |
Incluye bibliografía y notas al pie de páginas. |
| 504 ## - NOTA DE BIBLIOGRAFÍA, ETC. |
| Nota de bibliografía, etc. |
Bibliografía: p. 157-163 |
| 505 0# - NOTA DE CONTENIDO CON FORMATO |
| Información miscelánea |
Presentación / |
| Mención de responsabilidad |
Alejandro Arvelo -- |
| Título |
Introducción -- |
| -- |
Primeros ingenios en San Pedro de Macorís, 1876-1900 -- |
| -- |
De la bonanza azucarera a la crisis de los años veinte -- |
| -- |
La fuerza de trabajo en la industria azucarera de San Pedro de Macorís -- |
| -- |
Conclusiones -- |
| -- |
Anexos -- |
| Información miscelánea |
Imágenes de Macorís -- |
| -- |
Fuentes. |
| 590 ## - NOTA LOCAL (RLIN) |
| Nota local |
Inventariado, 2018/BT |
| 650 #0 - PUNTO DE ACCESO ADICIONAL DE MATERIA--TÉRMINO DE MATERIA |
| Término de materia o nombre geográfico como elemento de entrada |
Caña de azucar |
| Subdivisión general |
Cultivo |
| 9 (RLIN) |
22166 |
| 650 #4 - PUNTO DE ACCESO ADICIONAL DE MATERIA--TÉRMINO DE MATERIA |
| Término de materia o nombre geográfico como elemento de entrada |
Industria de la caña de azúcar |
| Subdivisión general |
Historia |
| Subdivisión geográfica |
República Dominicana |
| 9 (RLIN) |
37747 |
| 650 #4 - PUNTO DE ACCESO ADICIONAL DE MATERIA--TÉRMINO DE MATERIA |
| Término de materia o nombre geográfico como elemento de entrada |
Industria azucarera |
| Subdivisión general |
Historia |
| Subdivisión geográfica |
República Dominicana |
| 9 (RLIN) |
37748 |
| 650 #4 - PUNTO DE ACCESO ADICIONAL DE MATERIA--TÉRMINO DE MATERIA |
| Término de materia o nombre geográfico como elemento de entrada |
Centrales azucareras |
| 9 (RLIN) |
37750 |
| 650 #4 - PUNTO DE ACCESO ADICIONAL DE MATERIA--TÉRMINO DE MATERIA |
| Término de materia o nombre geográfico como elemento de entrada |
Azúcar |
| Subdivisión general |
Comercio |
| Subdivisión geográfica |
República Dominicana |
| 9 (RLIN) |
37751 |
| 651 #4 - PUNTO DE ACCESO ADICIONAL DE MATERIA--NOMBRE GEOGRÁFICO |
| Nombre geográfico |
San Pedro De Macorís (República Dominicana) |
| Subdivisión general |
Historia local |
| 9 (RLIN) |
7812 |
| 651 #4 - PUNTO DE ACCESO ADICIONAL DE MATERIA--NOMBRE GEOGRÁFICO |
| Nombre geográfico |
San Pedro dMacorís (República Dominicana) |
| Subdivisión general |
Condiciones económicas |
| 9 (RLIN) |
37749 |
| 700 1# - PUNTO DE ACCESO ADICIONAL--NOMBRE DE PERSONA |
| Nombre de persona |
Arvelo, Alejandro |
| 9 (RLIN) |
147 |
| 830 #0 - PUNTO DE ACCESO ADICIONAL DE SERIE-TÍTULO UNIFORME |
| Título uniforme |
Ediciones Ferilibro |
| Número de parte o sección de la obra |
93 |
| 9 (RLIN) |
37752 |
| 910 ## - DATOS DE OPCIÓN DEL USUARIO (OCLC) |
| Datos de opción del usuario |
Validado. Control de calidad. EMS |
| 942 ## - ELEMENTOS DE PUNTO DE ACCESO ADICIONAL (KOHA) |
| Fuente del sistema de clasificación o colocación |
Dewey Decimal Classification |
| Tipo de ítem Koha |
Libro |